<?xml version="1.0" encoding="UTF-8"?>
<marc:record xmlns:marc="http://www.loc.gov/MARC21/slim">
   <marc:leader>00000nam a2200000 a 4500</marc:leader>
   <marc:datafield ind1="1" ind2=" " tag="100">
      <marc:subfield code="a">St. Claire, Roxanne</marc:subfield>
      <marc:subfield code="4">aut</marc:subfield>
      <marc:subfield code="e">Verfasser/-in</marc:subfield>
   </marc:datafield>
   <marc:datafield ind1="1" ind2=" " tag="100">
      <marc:subfield code="a">Lachmann, Nora</marc:subfield>
      <marc:subfield code="4">trl</marc:subfield>
      <marc:subfield code="e">Übersetzer/-in</marc:subfield>
   </marc:datafield>
   <marc:datafield ind1="0" ind2="0" tag="245">
      <marc:subfield code="a">Bullet Catcher</marc:subfield>
   </marc:datafield>
   <marc:datafield ind1="0" ind2="0" tag="245">
      <marc:subfield code="c">Roxanne St. Claire</marc:subfield>
   </marc:datafield>
   <marc:datafield ind1=" " ind2="1" tag="264">
      <marc:subfield code="a">Köln</marc:subfield>
      <marc:subfield code="b">LYX Egmont</marc:subfield>
      <marc:subfield code="c">2010</marc:subfield>
   </marc:datafield>
   <marc:datafield ind1=" " ind2=" " tag="250">
      <marc:subfield code="a">1. Aufl.</marc:subfield>
   </marc:datafield>
   <marc:datafield ind1="1" ind2=" " tag="520">
      <marc:subfield code="a">Angaben aus der Verlagsmeldung

Bullet Catcher : Alex Kill me twice / von Roxanne St. Claire

Die Privatdetektivin Jasmine Adams kommt nach Miami Beach, um ihre Zwillingsschwester Jessica zu suchen, die spurlos verschwunden ist. Vor ihrem Verschwinden hat Jessica den Bodyguard Alex Romero engagiert, um sie vor einem Unbekannten zu beschützen, der es offenbar auf ihr Leben abgesehen hatte. Alex bietet Jasmine seine Hilfe bei der Suche an. Und obwohl die toughe Ermittlerin anfangs glaubt, allein zurechtzukommen, gerät sie schon bald in höchste Gefahr. Zum Glück kann sie auf die Fähigkeiten des gut aussehenden Bodyguards zurückgreifen. Und Jasmine muss feststellen, dass ihr der sinnliche Alex alles andere als gleichgültig ist ...
</marc:subfield>
   </marc:datafield>
   <marc:datafield ind1=" " ind2=" " tag="020">
      <marc:subfield code="a">9783802583483</marc:subfield>
      <marc:subfield code="9">9783802583483</marc:subfield>
   </marc:datafield>
   <marc:datafield ind1=" " ind2=" " tag="041">
      <marc:subfield code="a">ger</marc:subfield>
   </marc:datafield>
   <marc:datafield ind1=" " ind2=" " tag="300">
      <marc:subfield code="a">345 S.</marc:subfield>
   </marc:datafield>
</marc:record>
